Normal view
MARC view
- Dr. Radhey L.Varshney
Entry Personal Name
001 - CONTROL NUMBER
- control field: 4763
003 - CONTROL NUMBER IDENTIFIER
- control field: OSt
005 - DATE AND TIME OF LATEST TRANSACTION
- control field: 20221006053040.0
008 - FIXED-LENGTH DATA ELEMENTS
- fixed length control field: 221006|| aca||aabn | a|a d
040 ## - CATALOGING SOURCE
- Original cataloging agency: OSt
- Transcribing agency: OSt
100 ## - HEADING--PERSONAL NAME
- Personal name: Dr. Radhey L.Varshney
670 ## - SOURCE DATA FOUND
- Source citation: Work cat.: (OSt)3033: Varshney, Dr. Radhey L. 4762, An Introductory Text Book of Linguistics and Phonetics :
